Národopis Slovákov v Maďarsku štúdie

Podrobná bibliografia
Ďalší autori: Balassa, Iván, 1917-2002 (Šéfredaktor, zodpovedný redaktor)
Médium: Seriál
Jazyk:slovenčina
Fyzický popis:zv. fotogr. 24 cm
Vydavateľské údaje: Budapešť Magyar Néprajzi Társaság
ISBN:9631739252 (brož. : r. 1979)
9631739260 (sub.)
9637929231 (brož. : r. 1993)
9631826678 (brož. : r. 1990)
9631786544 (brož. : r. 1986)
ISSN:0139-4541
0324-3001
Edícia:Národopis národností Maďarska
Predmet:

MARC

LEADER 00000cas a22000005a 4500
001 vtls001362298
003 SK-MaSNL
005 20260228155742.0
008 990504c19759999hu x 0 0b0slo
015 |a SNBZSA1999-00201  |a SNBZSA1994-(r. 1979, r. 1981, r. 1982, r. 1993)  |a ZS1997/0000038-(r. 1994)  |a ZS1996/0000200-(r. 1995)  |a SNBZSA1999-00202-(r. 1997)  |a SNBZSA2000-00287-(r. 1998)  |a SNBZSA2002-00434-(1999)  |a SNBZSA2002-00433-(r. 2000) 
020 |a 9631739252 (brož. : r. 1979) 
020 |a 9631739260 (sub.) 
020 |a 9637929231 (brož. : r. 1993) 
020 |a 9631826678 (brož. : r. 1990) 
020 |a 9631786544 (brož. : r. 1986) 
022 |a 0139-4541 
035 |a SNK000315893 
040 |a SNK  |b slo  |c SNK  |e AACR2 
041 0 |a slo  |b ger  |b hun 
043 |a e-hu--- 
044 |a hu  |c HU 
072 7 |a 39  |x Etnológia. Etnografia. Folklór  |2 konspekt 
072 7 |a 323  |x Vnútropolitický vývoj, politický život  |2 konspekt 
080 |a 391  |2 2011 
080 |a 323.15  |2 2011 
080 |a 342.724  |2 2011 
080 |a (=162.4)  |2 2011 
080 |a (439)  |2 2011 
080 |a (082)  |2 2011 
210 0 |a Národop. Slovákov v Madʹ. 
222 0 |a Národopis Slovákov v Madʹarsku 
245 0 0 |a Národopis Slovákov v Maďarsku  |b štúdie 
246 1 1 |a Magyarországi szlovákok néprajza 
260 |a Budapešť  |b Magyar Néprajzi Társaság 
300 |a zv.  |b fotogr.  |c 24 cm 
310 |a Nepravidelne 
362 0 |a 1975- 
490 1 |a Národopis národností Maďarska  |x 0324-3001 
500 |a Popis podľa: Roč. 12/1996 (vydané v r. 1997) 
500 |a Hl. redaktor: 1979, 1981, Iván Balassa 
500 |a Redaktori: 1995, Anna Divičanová, Ondrej Krupa ; 1997, Anna Divičanová, Juraj Ando ; 1998, Juraj Ando ; 2000, Anna Divičanová, Juraj Ando 
504 |a Bibliogr. Výberová bibliogr. prác Jána Siráckeho s. 194-196 
504 |a Rok 1994: Biobibliogr. Ondreja Krupu s. 207-216 
515 |a V r. 1976-78, 1980,1983, 1985, 2005-2006, 2008 nevydali 
546 |a Súbež. náz. maď.; res. maď. a nem. 
650 0 7 |a etnografia  |2 SNKPH  |9 950 
650 0 7 |a Ethnography  |2 SNKPHeng  |9 265262 
650 0 7 |a národnostné menšiny  |2 SNKPH  |9 2669 
650 0 7 |a Ethnic minorities  |2 SNKPHeng  |9 265191 
650 0 7 |a Slováci v zahraničí  |2 SNKPH  |9 14695 
650 0 7 |a Slovaks in foreign  |2 SNKPHeng  |9 265147 
651 7 |a Maďarsko  |2 SNKPHgeo  |9 16754 
651 7 |a Hungary  |2 SNKPHeng  |9 265263 
655 7 |a zborníky  |2 SNKPH  |9 70165 
655 7 |a Papers of several authors  |2 SNKPHeng  |9 153738 
700 1 |a Balassa, Iván,  |d 1917-2002  |4 pbd  |9 265264 
700 1 |a Divičanová, Anna,  |d 1940-  |4 red  |9 219889 
700 1 |a Krupa, Ondrej,  |d 1934-2015  |4 red  |9 263987 
700 1 |a Ando, Juraj  |4 red  |9 265265 
830 0 |a Národopis národností Maďarska  |x 0139-4541  |9 265266 
852 |a Štátna vedecká knižnica v Banskej Bystrici 
910 |a snk 
919 |a 963-17-3926-0 
919 |a 963-17-3925-2 
919 |a 963-7929-23-1 
919 |a 963-18-2667-8 
919 |a 963-17-8654-4 
958 |a ZS 
958 |a NB 
958 |a HU 
958 |a ZB 
958 |a SS 
999 |c 419  |d 419 
952 |0 0  |1 0  |4 0  |7 0  |8 2  |a SNK  |b SNK  |d 2009-03-13  |i snk2009/5338  |l 0  |o snkČSC 2274/15/1999 D1  |p 17A0600788  |r 2026-02-21 19:30:47  |w 2026-02-21  |y PREZ 
952 |0 0  |1 0  |4 0  |7 1  |8 2  |a SNK  |b SNK  |d 2010-10-13  |i snk2010/22296  |l 0  |o snkČSC 2274/20/2004  |p 17A0661257  |r 2026-02-21 19:55:34  |w 2026-02-21  |y NEVYP 
952 |0 0  |1 0  |4 0  |7 1  |8 2  |a SNK  |b SNK  |d 2010-10-13  |i snk2010/22297  |l 0  |o snkČSC 2274/21/2007  |p 17A0661258  |r 2026-02-21 19:55:34  |w 2026-02-21  |y NEVYP 
952 |0 0  |1 0  |4 0  |7 1  |8 2  |a SNK  |b SNK  |d 2010-10-13  |i snk2010/22298  |l 0  |o snkČSC 2274/22/2009  |p 17A0661259  |r 2026-02-21 19:55:34  |w 2026-02-21  |y NEVYP 
952 |0 0  |1 0  |4 0  |7 0  |a SNK  |b SNK  |d 1997-02-05  |l 0  |o snkČSC 2274/1982 D1  |p 17A0035073  |r 2005-01-01 00:00:00  |w 2026-02-21  |y PREZ 
952 |0 0  |1 0  |4 0  |7 0  |8 2  |a SNK  |b SNK  |d 2007-02-02  |i snkV 453/99  |l 0  |o snkČSC 2274/13/1997 D1  |p 17A0256462  |r 2026-02-21 20:19:41  |w 2026-02-21  |y PREZ 
952 |0 0  |1 0  |4 0  |7 0  |8 2  |a SNK  |b SNK  |d 2007-02-02  |i snkV 1780/2000  |l 0  |o snkČSC 2274/14/1998  |p 17A0256461  |r 2026-02-21 20:19:41  |w 2026-02-21  |y PREZ 
952 |0 0  |1 0  |4 0  |7 0  |8 2  |a SNK  |b SNK  |d 2007-02-02  |i snkV 961/2002  |l 0  |o snkČSC 2274/15/1999  |p 17A0353999  |r 2026-02-21 20:19:41  |w 2026-02-21  |y PREZ 
952 |0 0  |1 0  |4 0  |7 0  |8 2  |a SNK  |b SNK  |d 2007-02-02  |i snkV 1450/2002  |l 0  |o snkČSC 2274/16/2000  |p 17A0367254  |r 2026-02-21 20:19:41  |w 2026-02-21  |y PREZ 
952 |0 0  |1 0  |4 0  |7 1  |8 2  |a SNK  |b SNK  |d 2007-02-02  |g 12.38  |i snk2007/3222  |l 0  |o snkČSC 2274/17/2001  |p 17A0534102  |r 2026-02-21 20:19:41  |w 2026-02-21  |y NEVYP 
952 |0 0  |1 0  |4 0  |7 0  |8 1  |a SNK  |b SNK  |d 2007-02-02  |i snk2007/3223  |l 0  |o snkČSC 2274/17/2001 D1  |p 17A0534103  |r 2026-02-21 20:19:42  |w 2026-02-21  |y PREZ 
952 |0 0  |1 0  |4 0  |7 0  |8 1  |a SNK  |b SNK  |d 2007-02-02  |i snk2007/3224  |l 0  |o snkČSC 2274/18/2002  |p 17A0534104  |r 2026-02-21 20:19:42  |w 2026-02-21  |y PREZ 
952 |0 0  |1 0  |4 0  |7 0  |8 1  |a SNK  |b SNK  |d 2007-02-02  |i snk2007/3225  |l 0  |o snkČSC 2274/18/2002 D1  |p 17A0534105  |r 2026-02-21 20:19:42  |w 2026-02-21  |y PREZ 
952 |0 0  |1 0  |4 0  |7 0  |8 1  |a SNK  |b SNK  |d 2007-02-02  |i snk2007/3221  |l 0  |o snkČSC 2274/12/1996 D1  |p 17A0548947  |r 2026-02-21 20:19:43  |w 2026-02-21  |y PREZ 
952 |0 0  |1 0  |4 0  |7 0  |8 2  |a SNK  |b SNK  |d 2007-02-02  |i snkV 452/99  |l 0  |o snkČSC 2274/13/1997  |p 17A0189621  |r 2026-02-21 20:19:43  |w 2026-02-21  |y PREZ 
952 |0 0  |1 0  |4 0  |7 0  |8 1  |a SNK  |b SNK  |d 2007-02-02  |i snk2007/3226  |l 0  |o snkČSC 2274/19/2003  |p 17A0534106  |r 2026-02-21 20:19:45  |w 2026-02-21  |y PREZ 
952 |0 0  |1 0  |4 0  |7 0  |8 2  |a SNK  |b SNK  |d 2007-02-02  |g 8.10  |i snk2007/3227  |l 0  |o snkČSC 2274/19/2003 D1  |p 17A0534107  |r 2026-02-21 20:19:45  |w 2026-02-21  |y PREZ 
952 |0 0  |1 0  |4 0  |7 0  |8 0  |a SNK  |b SNK  |d 2007-06-25  |i snk2007/15894  |l 0  |o snkČSC 2274/8/1990 D1  |p 17A0548956  |r 2026-02-21 20:28:05  |w 2026-02-21  |y PREZ 
952 |0 0  |1 0  |4 0  |7 0  |8 0  |a SNK  |b SNK  |d 2007-06-25  |i snk2007/15893  |l 0  |o snkČSC 2274/6/1986 D1  |p 17A0548955  |r 2026-02-21 20:28:07  |w 2026-02-21  |y PREZ 
952 |0 0  |1 0  |4 0  |7 0  |a SNK  |b SNK  |d 1997-11-03  |l 0  |o snkČSC 2274/1988/7  |p 17A0106632  |r 2005-01-02 00:00:00  |w 2026-02-21  |y PREZ 
952 |0 0  |1 0  |4 0  |7 0  |a SNK  |b SNK  |d 1997-11-12  |l 0  |o snkČSC 2274/1975  |p 17A0106654  |r 2005-01-02 00:00:00  |w 2026-02-21  |y PREZ 
952 |0 0  |1 0  |4 0  |7 0  |a SNK  |b SNK  |d 1997-11-12  |l 0  |o snkČSC 2274/1975 D1  |p 17A0106653  |r 2005-01-02 00:00:00  |w 2026-02-21  |y PREZ 
952 |0 0  |1 0  |4 0  |7 0  |a SNK  |b SNK  |d 2014-02-28  |i snk2002/960  |l 0  |o snkČSC 2274/1998/14 D1  |p 17A0354000  |r 2026-02-21 20:41:43  |t č. 14  |w 2026-02-21  |y PREZ 
952 |0 0  |1 0  |4 0  |7 0  |a SNK  |b SNK  |d 1997-02-05  |l 0  |o snkČSC 2274/1993/9 D1  |p 17A0035072  |r 2005-01-01 00:00:00  |w 2026-02-21  |y PREZ 
952 |0 0  |1 0  |4 0  |7 0  |a SNK  |b SNK  |d 1997-11-03  |l 0  |o snkČSC 2274/1981 D1  |p 17A0106630  |r 2005-01-01 00:00:00  |w 2026-02-21  |y PREZ 
952 |0 0  |1 0  |4 0  |7 0  |a SNK  |b SNK  |d 2003-03-04  |l 0  |o snkČSC 2274/1981  |p 17A0376403  |r 2005-01-01 00:00:00  |w 2026-02-21  |y PREZ 
952 |0 0  |1 0  |4 0  |7 0  |a SNK  |b SNK  |d 2001-03-16  |l 0  |o snkČSC 2274/1979 D1  |p 17A0293161  |r 2005-01-01 00:00:00  |w 2026-02-21  |y PREZ 
952 |0 0  |1 0  |4 0  |7 0  |a SNK  |b SNK  |d 2003-03-04  |l 0  |o snkČSC 2274/1979  |p 17A0376429  |r 2005-01-01 00:00:00  |w 2026-02-21  |y PREZ 
952 |0 0  |1 0  |4 0  |7 0  |8 2  |a SNK  |b SNK  |d 1996-07-26  |i snkV 1662/96  |l 0  |o snkČSC 2274/1995/11  |p 17A0064551  |r 2005-01-01 00:00:00  |w 2026-02-21  |y PREZ 
952 |0 0  |1 0  |4 0  |7 0  |8 2  |a SNK  |b SNK  |d 1996-07-26  |i snkV 1196/96  |l 0  |o snkČSC 2274/1995/11 D1  |p 17A0006907  |r 2005-01-01 00:00:00  |w 2026-02-21  |y PREZ 
952 |0 0  |1 0  |4 0  |7 0  |a SNK  |b SNK  |d 1998-07-08  |l 0  |o snkČSC 2274/8/1990  |p 17A0148361  |r 2005-01-02 00:00:00  |w 2026-02-21  |y PREZ 
952 |0 0  |1 0  |4 0  |7 0  |8 1  |a SNK  |b SNK  |d 2003-04-29  |i snkD 755/94  |l 0  |o snkČSC 2274/1984 D1  |p 17A0381951  |r 2005-01-02 00:00:00  |w 2026-02-21  |y PREZ  |z r. 1984 
952 |0 0  |1 0  |4 0  |7 0  |a SNK  |b SNK  |d 1998-07-08  |l 0  |o snkČSC 2274/6/1986  |p 17A0148529  |r 2005-01-02 00:00:00  |w 2026-02-21  |y PREZ 
952 |0 0  |1 0  |4 0  |7 0  |8 2  |a SNK  |b SNK  |d 1996-09-16  |i snkV 1618/96  |l 0  |o snkČSC 2274/1994/10  |p 17A0010325  |r 2005-01-01 00:00:00  |w 2026-02-21  |y PREZ 
952 |0 0  |1 0  |4 0  |7 0  |8 2  |a SNK  |b SNK  |d 1996-09-16  |i snkV 1619/96  |l 0  |o snkČSC 2274/1994/10 D1  |p 17A0010324  |r 2005-01-01 00:00:00  |w 2026-02-21  |y PREZ 
952 |0 0  |1 0  |4 0  |7 0  |a SNK  |b SNK  |d 1999-01-20  |l 0  |o snkČSC 2274/1988/7 D1  |p 17A0176810  |r 2005-01-02 00:00:00  |w 2026-02-21  |y PREZ 
952 |0 0  |1 0  |4 0  |7 0  |8 2  |a SNK  |b SNK  |d 1999-05-04  |i snkV 451/99  |l 0  |o snkČSC 2274/12/1996  |p 17A0189620  |r 2005-01-02 00:00:00  |w 2026-02-21  |y PREZ